<?xml version="1.0" encoding="UTF-8"?>
<record
    xmlns:xsi="http://www.w3.org/2001/XMLSchema-instance"
    xsi:schemaLocation="http://www.loc.gov/MARC21/slim http://www.loc.gov/standards/marcxml/schema/MARC21slim.xsd"
    xmlns="http://www.loc.gov/MARC21/slim">

  <leader>00800amm a2200277   4500</leader>
  <controlfield tag="005">20251027131606.0</controlfield>
  <controlfield tag="007">cr ||||||||</controlfield>
  <controlfield tag="008">251027s2024            o  d        cat d</controlfield>
  <datafield tag="017" ind1=" " ind2=" ">
    <subfield code="a">B-12244-2024</subfield>
  </datafield>
  <datafield tag="041" ind1=" " ind2=" ">
    <subfield code="a">cat</subfield>
  </datafield>
  <datafield tag="100" ind1=" " ind2=" ">
    <subfield code="a">Celdr&#xE1;n, Montse</subfield>
    <subfield code="9">75853</subfield>
  </datafield>
  <datafield tag="245" ind1=" " ind2=" ">
    <subfield code="a">Glossari sobre edatisme</subfield>
    <subfield code="h">[en l&#xED;nia]</subfield>
    <subfield code="c">Montse Celdr&#xE1;n</subfield>
  </datafield>
  <datafield tag="260" ind1=" " ind2=" ">
    <subfield code="a">Palma</subfield>
    <subfield code="b">Fundaci&#xF3; "la Caixa"</subfield>
    <subfield code="c">2024</subfield>
  </datafield>
  <datafield tag="300" ind1=" " ind2=" ">
    <subfield code="a">69 p.</subfield>
    <subfield code="b">1 document PDF</subfield>
  </datafield>
  <datafield tag="520" ind1=" " ind2=" ">
    <subfield code="a">45</subfield>
  </datafield>
  <datafield tag="546" ind1=" " ind2=" ">
    <subfield code="a">catal&#xE0;</subfield>
  </datafield>
  <datafield tag="592" ind1=" " ind2=" ">
    <subfield code="a">Obra terminol&#xF2;gica</subfield>
  </datafield>
  <datafield tag="593" ind1=" " ind2=" ">
    <subfield code="a">EG</subfield>
  </datafield>
  <datafield tag="593" ind1=" " ind2=" ">
    <subfield code="a">OK</subfield>
  </datafield>
  <datafield tag="650" ind1=" " ind2="0">
    <subfield code="a">gerontologia</subfield>
    <subfield code="9">65313</subfield>
  </datafield>
  <datafield tag="650" ind1=" " ind2="0">
    <subfield code="a">geriatria</subfield>
    <subfield code="9">64647</subfield>
  </datafield>
  <datafield tag="650" ind1=" " ind2="0">
    <subfield code="a">atenci&#xF3; a la gent gran</subfield>
    <subfield code="9">65312</subfield>
  </datafield>
  <datafield tag="856" ind1=" " ind2=" ">
    <subfield code="u">https://fundacionlacaixa.org/documents/d/guest/glossari-edatisme-catala-pdf</subfield>
  </datafield>
  <datafield tag="942" ind1=" " ind2=" ">
    <subfield code="c">MO</subfield>
    <subfield code="n">0</subfield>
    <subfield code="2">ddc</subfield>
  </datafield>
  <datafield tag="999" ind1=" " ind2=" ">
    <subfield code="c">69389</subfield>
    <subfield code="d">69389</subfield>
  </datafield>
  <datafield tag="952" ind1=" " ind2=" ">
    <subfield code="0">0</subfield>
    <subfield code="1">0</subfield>
    <subfield code="4">0</subfield>
    <subfield code="7">0</subfield>
    <subfield code="a">TERMCAT</subfield>
    <subfield code="b">TERMCAT</subfield>
    <subfield code="d">2025-10-27</subfield>
    <subfield code="l">0</subfield>
    <subfield code="o">Biblioteca electr&#xF2;nica</subfield>
    <subfield code="r">2025-10-27 13:14:58</subfield>
    <subfield code="u">https://fundacionlacaixa.org/documents/d/guest/glossari-edatisme-catala-pdf</subfield>
    <subfield code="w">2025-10-27</subfield>
    <subfield code="y">MO</subfield>
  </datafield>
</record>
